[Event "Essen Seniors op"]
[Site "Essen"]
[Date "1999.03.29"]
[Round "7"]
[White "Fiedler, Eduard"]
[Black "Tsiperstein, Jakob"]
[Result "1-0"]
[WhiteElo "1858"]
[BlackElo "1948"]
[PlyCount "97"]
[EventDate "1999.03.16"]
[EventType "swiss"]
[EventRounds "9"]
[EventCountry "GER"]
[SourceTitle "EXT 2008"]
[Source "ChessBase"]
[SourceDate "2007.11.25"]
[SourceVersion "1"]
[SourceVersionDate "2007.11.25"]
[SourceQuality "1"]

1. f4 Nc6 2. Nf3 d5 3. d4 Nf6 4. e3 Ne4 5. Be2 Bg4 6. 0-0 e6 7. c3 Bd6 8. Nbd2 Nxd2 9. Bxd2 a6 10. Ne5 Bxe2 11. Qxe2 Ne7 12. Be1 f6 13. Qg4 Bxe5 14. fxe5 Nf5 15. Rxf5 exf5 16. Qxg7 Rf8 17. Bh4 Qd7 18. Qxd7+ Kxd7 19. Bxf6 Ke6 20. Bg5 c5 21. Bf4 Rac8 22. a3 c4 23. Kf2 Rc6 24. Re1 Rb6 25. Re2 Rb3 26. Ke1 b5 27. Kd1 a5 28. Kc1 Rb8 29. Bg3 b4 30. axb4 axb4 31. Be1 bxc3 32. Bxc3 Ra8 33. Kc2 Ra1 34. g3 Rf1 35. Kd2 Ra1 36. Rf2 Rh1 37. Ke2 Rb8 38. Kf3 Rg8 39. Kg2 Rd1 40. Rd2 Rxd2+ 41. Bxd2 Ra8 42. h4 Ra1 43. Bc3 Ra8 44. Kf2 Rg8 45. Bd2 Kd7 46. Kf3 Rg4 47. Bc3 Kc6 48. Kf2 Re4 49. Kf3 1-0

[Event "Essen Seniors op"]
[Site "Essen"]
[Date "1999.03.24"]
[Round "4"]
[White "Fiedler, Eduard"]
[Black "Kotlar, Alfred"]
[Result "1-0"]
[WhiteElo "1858"]
[BlackElo "1926"]
[PlyCount "83"]
[EventDate "1999.03.16"]
[EventType "swiss"]
[EventRounds "9"]
[EventCountry "GER"]
[SourceTitle "EXT 2008"]
[Source "ChessBase"]
[SourceDate "2007.11.25"]
[SourceVersion "1"]
[SourceVersionDate "2007.11.25"]
[SourceQuality "1"]

1. f4 d5 2. Nf3 c5 3. d4 Nf6 4. e3 c4 5. b3 b5 6. a4 Bd7 7. axb5 cxb3 8. c4 dxc4 9. Bxc4 e6 10. Qxb3 Qb6 11. Bd2 Be7 12. Nc3 a5 13. 0-0 Bd8 14. Rfb1 0-0 15. Na4 Qd6 16. Nc5 Bb6 17. Na4 Rc8 18. Nxb6 Qxb6 19. Ra2 Ne4 20. Be2 Nd6 21. Bd3 Rc7 22. Ng5 Rb7 23. Qd1 h6 24. Ne4 f5 25. Nc5 Rba7 26. Na4 Qd8 27. Rab2 Rb7 28. Qf3 Qe8 29. Nc5 Raa7 30. b6 Bc6 31. bxa7 Bxf3 32. axb8Q Rxb8 33. Rxb8 Nc8 34. gxf3 Kh7 35. Bxa5 Qg6+ 36. Kh1 Ne7 37. Rg1 Qh5 38. Be2 g5 39. Rb7 Qe8 40. fxg5 Kg6 41. gxh6+ Kxh6 42. Rb6 1-0